Financial administration, parliamentary scrutiny : Parliamentary Seminar, Canberra, Friday 1 June 1979 /

Salvato in:
Dettagli Bibliografici
Enti autori: Parliamentary Seminar Canberra, Australia. Public Service Board, Australia. Parliament. Joint Committee of Public Accounts
Altri autori: Connolly, D. M. (David Miles), 1939-
Natura: Atti del Convegno Libro
Lingua:English
Pubblicazione: Canberra : Parliament of Australia, 1979.
Soggetti:
LEADER 01529cam a2200325 a 4500
001 c000190181
003 CARM
005 20051216153210.0
008 800116s1979 at f000 0 eng d
019 1 |a 1664830  |5 LACONCORD2021 
020 |a 064204581X :  |c price unknown 
035 |a (OCoLC)219915289  |5 LACONCORD2021 
040 |a ANB  |b eng  |c ANB  |d NUN 
042 |a anuc 
043 |a u-at--- 
082 0 4 |a 354.940072/232 
111 2 |a Parliamentary Seminar  |d (1979 :  |c Canberra) 
245 1 0 |a Financial administration, parliamentary scrutiny :  |b Parliamentary Seminar, Canberra, Friday 1 June 1979 /  |c arranged by the Public Accounts Committee in conjunction with the Public Service Board's executive development scheme. 
260 |a Canberra :  |b Parliament of Australia,  |c 1979. 
300 |a 122p. ;  |c 25cm. 
500 |a Australia. Commonwealth government. Expenditure. Control by Australia. Parliament. Conference proceedings (ANB/PRECIS SIN 0378577) 
500 |a Chairman: D. Connolly. 
610 1 0 |a Australia.  |b Parliament  |x Congresses. 
610 1 0 |a Australia  |x Appropriations and expenditures  |x Congresses. 
700 1 |a Connolly, D. M.  |q (David Miles),  |d 1939- 
710 1 |a Australia.  |b Public Service Board. 
710 1 |a Australia.  |b Parliament.  |b Joint Committee of Public Accounts 
852 8 |b CARM  |h A2:AP33F0  |i C07909  |p 0272638  |f BK 
999 f f |i 4f84465d-550f-575a-ad2f-64135add03ef  |s ac22d079-c6f8-5e17-81ef-6a932cd0a09b 
952 f f |p Can circulate  |a CAVAL  |b CAVAL  |c CAVAL  |d CARM 1 Store  |e C07909  |f A2:AP33F0  |h Other scheme  |i book  |m 0272638